Top 100 NBA Players – 2025-2026 - Statistics

General Stats
  • This quiz has been taken 480 times
  • The average score is 77 of 100
Answer Stats
Team Player % Correct
Lakers Luka Doncic
100%
Nuggets Nikola Jokic
100%
Timberwolves Anthony Edwards
99%
Bucks Giannis Antetokounmpo
99%
Lakers LeBron James
99%
Thunder Shai Gilgeous-Alexander
99%
Warriors Stephen Curry
99%
Spurs Victor Wembanyama
99%
Mavericks Anthony Davis
98%
Knicks Jalen Brunson
98%
Rockets Kevin Durant
98%
Cavaliers Donovan Mitchell
97%
Pistons Cade Cunningham
96%
Suns Devin Booker
96%
Thunder Jalen Williams
96%
Clippers James Harden
95%
Celtics Jaylen Brown
95%
Clippers Kawhi Leonard
95%
Warriors Jimmy Butler
94%
Knicks Karl-Anthony Towns
94%
Magic Paolo Banchero
94%
Heat Bam Adebayo
92%
Thunder Chet Holmgren
92%
Cavaliers Evan Mobley
92%
Grizzlies Ja Morant
92%
Pacers Pascal Siakam
92%
Hawks Trae Young
92%
Warriors Draymond Green
91%
Nuggets Jamal Murray
91%
76ers Tyrese Maxey
91%
Rockets Alperen Sengun
90%
Bulls Coby White
90%
Celtics Derrick White
90%
76ers Joel Embiid
90%
Raptors Scottie Barnes
89%
Rockets Amen Thompson
88%
Spurs De'Aaron Fox
88%
Kings Domantas Sabonis
88%
Cavaliers Darius Garland
87%
Grizzlies Jaren Jackson Jr.
87%
Timberwolves Rudy Gobert
86%
Magic Franz Wagner
85%
Hornets LaMelo Ball
85%
Pelicans Zion Williamson
84%
Knicks Josh Hart
83%
Jazz Lauri Markkanen
83%
Nuggets Aaron Gordon
82%
76ers Paul George
82%
Hawks Jalen Johnson
81%
Cavaliers Jarrett Allen
81%
Timberwolves Julius Randle
81%
Knicks Mikal Bridges
81%
Heat Tyler Herro
81%
Nuggets Cameron Johnson
80%
Mavericks Cooper Flagg
79%
Magic Desmond Bane
78%
Nets Michael Porter Jr.
78%
Lakers Austin Reaves
77%
Clippers Ivica Zubac
77%
Knicks OG Anunoby
77%
Kings DeMar DeRozan
76%
Hawks Kristaps Porzingis
76%
Kings Zach LaVine
76%
Thunder Isaiah Hartenstein
75%
Raptors Brandon Ingram
73%
Thunder Alex Caruso
72%
Bucks Myles Turner
71%
Thunder Luguentz Dort
70%
Magic Jalen Suggs
69%
Spurs Stephon Castle
68%
Pacers Andrew Nembhard
65%
Timberwolves Jaden McDaniels
65%
Nuggets Christian Braun
64%
Trail Blazers Jrue Holiday
64%
Hawks Dyson Daniels
63%
Hornets Brandon Miller
59%
Raptors RJ Barrett
59%
Rockets Jabari Smith Jr.
58%
Heat Norman Powell
58%
Heat Andrew Wiggins
57%
Mavericks Dereck Lively
57%
Celtics Payton Pritchard
56%
Trail Blazers Deni Avdija
55%
Pacers Aaron Nesmith
54%
Spurs Devin Vassell
54%
Hawks Nickeil Alexander-Walker
52%
Timberwolves Naz Reid
51%
Pelicans Trey Murphy
51%
Knicks Mitchell Robinson
50%
Raptors Jakob Poeltl
48%
Jazz Walker Kessler
48%
Warriors Jonathan Kuminga
47%
Mavericks P.J. Washington
47%
Pistons Tobias Harris
46%
Pistons Jaden Ivey
43%
Hawks Onyeka Okongwu
43%
Grizzlies Zach Edey
42%
Clippers Bradley Beal
41%
Nuggets Jonas Valanciunas
40%
Trail Blazers Toumani Camara
35%
No matching quizzes found
Score Distribution
Percent of People with Each Score
Percentile by Number Answered
Your Score History
You have not taken this quiz